Le joueur portugais le mieux classé par édition du Ballon d'Or - Statistiques

Statistiques générales
  • Ce quiz a été pris 139 fois
  • Le résultat moyen est 34 sur 51
Statistiques - réponses
Années Classement Postes Joueurs % Correct
2021 6 A Cristiano Ronaldo
99%
2019 3 A Cristiano Ronaldo
99%
2018 2 A Cristiano Ronaldo
99%
2017 1 A Cristiano Ronaldo
99%
2016 1 A Cristiano Ronaldo
99%
2015 2 A Cristiano Ronaldo
99%
2014 1 A Cristiano Ronaldo
99%
2013 1 A Cristiano Ronaldo
99%
2012 2 A Cristiano Ronaldo
99%
2011 2 A Cristiano Ronaldo
99%
2010 6 A Cristiano Ronaldo
99%
2009 2 A Cristiano Ronaldo
99%
2008 1 A Cristiano Ronaldo
99%
2007 2 A Cristiano Ronaldo
99%
2005 20 A Cristiano Ronaldo
99%
2025 3 M Vitinha
93%
1973 7 A Eusebio
87%
1972 16 A Eusebio
87%
1970 22 A Eusebio
87%
1968 8 A Eusebio
87%
1967 2 A Eusebio
87%
1966 5 A Eusebio
87%
1965 1 A Eusebio
87%
1964 4 A Eusebio
87%
1963 5 A Eusebio
87%
1962 2 A Eusebio
87%
2002 19 A Luis Figo
85%
2001 6 A Luis Figo
85%
2000 1 A Luis Figo
85%
1999 5 A Luis Figo
85%
1997 14 A Luis Figo
85%
2024 23 D Ruben Dias
78%
2023 9 M/A Bernardo Silva
74%
2006 10 M/A Deco
71%
2004 2 M/A Deco
71%
2003 13 M/A Deco
71%
2022 14 A Raphaël Leao
60%
1996 27 M/A Manuel Rui Costa
38%
1989 15 A Paulo Futre
16%
1987 2 A Paulo Futre
16%
1986 18 A Paulo Futre
16%
1985 17 A Fernando Gomes
15%
1983 12 A Fernando Gomes
15%
1984 5 A Fernando Chalana
8%
1979 23 M Joao Alves
4%
1978 26 M Joao Alves
4%
1975 32 M Joao Alves
4%
1995 14 M Paulo Sousa
4%
1961 12 A José Aguas
2%
1980 21 G Manuel Bento
2%
1981 32 M/A Antonio Oliveira
0%
Aucun quiz correspondant
Distribution des résultats
% des personnes avec chaque résultat
Percentile par nombre de réponses
Votre historique - résultats
Vous n’avez pas pris ce quiz